<?xml version="1.0" encoding="UTF-8"?>
<collection xmlns="http://www.loc.gov/MARC21/slim">
<record>
  <controlfield tag="001">163925</controlfield>
  <controlfield tag="005">20251113160752.0</controlfield>
  <datafield tag="024" ind1="7" ind2=" ">
    <subfield code="2">doi</subfield>
    <subfield code="a">10.1017/dap.2021.25</subfield>
  </datafield>
  <datafield tag="024" ind1="8" ind2=" ">
    <subfield code="2">sideral</subfield>
    <subfield code="a">146084</subfield>
  </datafield>
  <datafield tag="037" ind1=" " ind2=" ">
    <subfield code="a">ART-2021-146084</subfield>
  </datafield>
  <datafield tag="041" ind1=" " ind2=" ">
    <subfield code="a">eng</subfield>
  </datafield>
  <datafield tag="100" ind1=" " ind2=" ">
    <subfield code="a">Starnini, Michele</subfield>
  </datafield>
  <datafield tag="245" ind1=" " ind2=" ">
    <subfield code="a">Impact of data accuracy on the evaluation of COVID-19 mitigation policies</subfield>
  </datafield>
  <datafield tag="260" ind1=" " ind2=" ">
    <subfield code="c">2021</subfield>
  </datafield>
  <datafield tag="520" ind1="3" ind2=" ">
    <subfield code="a">Evaluating the effectiveness of nonpharmaceutical interventions (NPIs) to mitigate the COVID-19 pandemic is crucial to maximize the epidemic containment while minimizing the social and economic impact of these measures. However, this endeavor crucially relies on surveillance data publicly released by health authorities that can hide several limitations. In this article, we quantify the impact of inaccurate data on the estimation of the time-varying reproduction number$ R(t) $, a pivotal quantity to gauge the variation of the transmissibility originated by the implementation of different NPIs. We focus on Italy and Spain, two European countries among the most severely hit by the COVID-19 pandemic. For these two countries, we highlight several biases of case-based surveillance data and temporal and spatial limitations in the data regarding the implementation of NPIs. We also demonstrate that a nonbiased estimation of$ R(t) $could have had direct consequences on the decisions taken by the Spanish and Italian governments during the first wave of the pandemic. Our study shows that extreme care should be taken when evaluating intervention policies through publicly available epidemiological data and call for an improvement in the process of COVID-19 data collection, management, storage, and release. Better data policies will allow a more precise evaluation of the effects of containment measures, empowering public health authorities to take more informed decisions.</subfield>
  </datafield>
  <datafield tag="506" ind1="0" ind2=" ">
    <subfield code="a">Access copy available to the general public</subfield>
    <subfield code="f">Unrestricted</subfield>
  </datafield>
  <datafield tag="536" ind1=" " ind2=" ">
    <subfield code="9">info:eu-repo/grantAgreement/ES/DGA/E36-20R</subfield>
    <subfield code="9">info:eu-repo/grantAgreement/EC/H2020/101003688/EU/Epidemic intelligence to minimize 2019-nCoV’s public health, economic and social impact in Europe/EpiPose</subfield>
    <subfield code="9">This project has received funding from the European Union’s Horizon 2020 research and innovation program under grant agreement No H2020 101003688-EpiPose</subfield>
    <subfield code="9">info:eu-repo/grantAgreement/ES/MINECO-FEDER/FIS2017-87519-P</subfield>
  </datafield>
  <datafield tag="540" ind1=" " ind2=" ">
    <subfield code="9">info:eu-repo/semantics/openAccess</subfield>
    <subfield code="a">by</subfield>
    <subfield code="u">https://creativecommons.org/licenses/by/4.0/deed.es</subfield>
  </datafield>
  <datafield tag="655" ind1=" " ind2="4">
    <subfield code="a">info:eu-repo/semantics/article</subfield>
    <subfield code="v">info:eu-repo/semantics/publishedVersion</subfield>
  </datafield>
  <datafield tag="700" ind1=" " ind2=" ">
    <subfield code="a">Aleta, Alberto</subfield>
    <subfield code="0">(orcid)0000-0002-1192-8707</subfield>
  </datafield>
  <datafield tag="700" ind1=" " ind2=" ">
    <subfield code="a">Tizzoni, Michele</subfield>
  </datafield>
  <datafield tag="700" ind1=" " ind2=" ">
    <subfield code="a">Moreno, Yamir</subfield>
    <subfield code="u">Universidad de Zaragoza</subfield>
    <subfield code="0">(orcid)0000-0002-0895-1893</subfield>
  </datafield>
  <datafield tag="710" ind1="2" ind2=" ">
    <subfield code="1">2004</subfield>
    <subfield code="2">405</subfield>
    <subfield code="a">Universidad de Zaragoza</subfield>
    <subfield code="b">Dpto. Física Teórica</subfield>
    <subfield code="c">Área Física Teórica</subfield>
  </datafield>
  <datafield tag="773" ind1=" " ind2=" ">
    <subfield code="g">3 (2021), e28 [10 pp.]</subfield>
    <subfield code="t">Data &amp; policy</subfield>
  </datafield>
  <datafield tag="856" ind1="4" ind2=" ">
    <subfield code="s">523805</subfield>
    <subfield code="u">http://zaguan.unizar.es/record/163925/files/texto_completo.pdf</subfield>
    <subfield code="y">Versión publicada</subfield>
  </datafield>
  <datafield tag="856" ind1="4" ind2=" ">
    <subfield code="s">1894585</subfield>
    <subfield code="u">http://zaguan.unizar.es/record/163925/files/texto_completo.jpg?subformat=icon</subfield>
    <subfield code="x">icon</subfield>
    <subfield code="y">Versión publicada</subfield>
  </datafield>
  <datafield tag="909" ind1="C" ind2="O">
    <subfield code="o">oai:zaguan.unizar.es:163925</subfield>
    <subfield code="p">articulos</subfield>
    <subfield code="p">driver</subfield>
  </datafield>
  <datafield tag="951" ind1=" " ind2=" ">
    <subfield code="a">2025-11-13-14:57:58</subfield>
  </datafield>
  <datafield tag="980" ind1=" " ind2=" ">
    <subfield code="a">ARTICLE</subfield>
  </datafield>
</record>
</collection>